书目信息 |
| 题名: |
许我向你看
|
|
| 作者: | 辛夷坞作品 | |
| 分册: | 下册 | |
| 出版信息: | 北京 朝华出版社 2011.08 |
|
| 页数: | 252页 | |
| 开本: | 20cm | |
| 丛书名: | ||
| 单 册: | ||
| 中图分类: | I247.5 | |
| 科图分类: | ||
| 主题词: | 小说--中国 | |
| 电子资源: | ||
| ISBN: | 7-5054-2845-4 | |
| 000 | 00571nam0 2200193 450 | |
| 001 | 1455425561 | |
| 005 | 20141112161412.88 | |
| 010 | @a7-5054-2845-4@dCNY24.90 | |
| 100 | @a20141112d2011 km y0chiy0120 ea | |
| 101 | 0 | @achi |
| 102 | @aCN@b110000 | |
| 200 | 1 | @a许我向你看@Axu wo xiang ni kan@h下册@f辛夷坞作品@Fxin yi wu zuo pin |
| 210 | @a北京@c朝华出版社@d2011.08 | |
| 215 | @a252页@d20cm | |
| 606 | 0 | @a小说@x中国 |
| 690 | @aI247.5@v4 | |
| 701 | 0 | @a辛夷坞作品@Axin yi wu zuo pin |
| 801 | 0 | @aCN@b大连网信软件有限公司图书馆·11@c20141112 |
| 905 | @aZUCC@dI247.5@eX5242:2 | |
| 许我向你看.下册/辛夷坞作品.-北京:朝华出版社,2011.08 |
| 252页;20cm |
| ISBN 7-5054-2845-4:CNY24.90 |
| ● |
| 相关链接 |
|
|
|
正题名:许我向你看
索取号:I247.5/X5242:2
 
预约/预借
| 序号 | 登录号 | 条形码 | 馆藏地/架位号 | 状态 | 备注 |
| 1 | 494954 | 204949547 | 文学库108/108文学库 39排2列5层/ [索取号:I247.5/X5242:2] | 在馆 |